Aborto: Interrogantes, comentarios y resultados parciales de algunas investigaciones colombianas.
Guardado en:
| Autor principal: | |
|---|---|
| Otros Autores: | , |
| Formato: | Libro |
| Lenguaje: | español |
| Publicado: |
Bogotá, Colombia
Corporación Centro Regional de Población
1978
|
| Materias: | |
| Etiquetas: |
Agregar Etiqueta
Sin Etiquetas, Sea el primero en etiquetar este registro!
|
MARC
| LEADER | 00000nam a2200000 a 4500 | ||
|---|---|---|---|
| 001 | UCT8412 | ||
| 003 | CL-VaPUC | ||
| 005 | 20240820101527.0 | ||
| 008 | 970326e19780000CK |||||||||||||||||spa|d | ||
| 999 | |c 256911 |d 256909 | ||
| 040 | |c Pontificia Universidad Católica de Valparaíso | ||
| 082 | 0 | 4 | |a 179.76 LOP 1978 |2 21 |
| 100 | |a López Escobar, Guillermo |e autor |9 380144 | ||
| 245 | 1 | 0 | |a Aborto: Interrogantes, comentarios y resultados parciales de algunas investigaciones colombianas. |
| 260 | 0 | 3 | |a Bogotá, Colombia |b Corporación Centro Regional de Población |c 1978 |
| 300 | |a 64 páginas. | ||
| 583 | |a last modification |c 19970326 00:00:00 |k Rodrigo Vera | ||
| 650 | 0 | |a Aborto |9 256680 | |
| 650 | 7 | |a MORTALIDAD |2 CL-VaPUC |9 341601 | |
| 650 | 0 | |a Anticonceptivos |9 380147 | |
| 650 | 0 | |a Sociedad |9 307903 | |
| 650 | 0 | |a Aspectos éticos |9 310696 | |
| 700 | 0 | |a Riaño Gamboa, Germán |9 380145 | |
| 700 | 0 | |a Lenis Nicholls, Nelson |9 380146 | |
| 942 | |c BK |2 ddc | ||
| 945 | |d 19970326 00:00:00 |a rleighto | ||
| 952 | |0 0 |1 0 |2 ddc |4 0 |6 179_760000000000000_LOP_1978 |7 0 |8 A |9 280033 |a BIBGIM |b BIBGIM |d 2019-11-19 |i 3276597 |o 179.76 LOP 1978 |p 3276597 |r 2025-01-15 |t 1 |w 2019-11-19 |y BK |k SSL | ||